000 00306nam a2200109 4500
999 _c9494
_d9494
008 180705b ||||| |||| 00| 0 eng d
245 _aToxic warning on 'Shrilling Chicken'.
260 _aPhilippines
_bManila Bulletin
_cc2017
300 _apage 7.
650 0 _928211
_aPoison and poisoning.
942 _2ddc
_cPER